Gminy w Powiatach na literę Z - Statystyki

Ogólne statystyki
  • Ten quiz został rozwiązany 13 razy
  • Średni wynik to 16 z 76
Statystyki odpowiedzi
Powiaty Gminy % Poprawnych
zambrowski Zambrów
83%
zgierski Zgierz
83%
zgorzelecki Zgorzelec
75%
zawierciański Zawiercie
67%
zduńskowolski Zduńska Wola
58%
złotowski Złotów
58%
Ozorków
50%
Zamość
50%
złotoryjski Złotoryja
50%
zwoleński Zwoleń
50%
Bogatynia
42%
ząbkowicki Ząbkowice Śląskie
42%
Zwierzyniec
42%
Babimost
33%
Głowno
33%
Krasnobród
33%
Stryków
33%
zamojski Szczebrzeszyn
33%
Bardo
25%
Czerwieńsk
25%
Kamieniec Ząbkowicki
25%
Kargowa
25%
Nowogród Bobrzański
25%
Pieńsk
25%
Świdnica
25%
Świerzawa
25%
Węgliniec
25%
Zawidów
25%
Aleksandrów Łódzki
17%
Krajenka
17%
Łazy
17%
Lipka
17%
Miączyn
17%
Ogrodzieniec
17%
Parzęczew
17%
Pilica
17%
Stary Zamość
17%
zielonogórskie Sulechów
17%
Szadek
17%
Szczekociny
17%
Szumowo
17%
Ziębice
17%
Bojadła
8%
Ciepłowody
8%
Irządze
8%
Jastrowie
8%
Kołaki Kościelne
8%
Kroczyce
8%
Łabunie
8%
Okonek
8%
Pielgrzymka
8%
Radecznica
8%
Rutki
8%
Sitno
8%
Skierbieszów
8%
Sulików
8%
Sułów
8%
Tczów
8%
Trzebiechów
8%
Włodowice
8%
Zabór
8%
Zagrodno
8%
Złoty Stok
8%
Adamów
0%
Grabowiec
0%
Kazanów
0%
Komarów-Osada
0%
Nielisz
0%
Policzna
0%
Przyłęk
0%
Stoszowice
0%
Tarnówka
0%
Wojcieszów
0%
Zakrzewo
0%
Zapolice
0%
Żarnowiec
0%
Nie znaleziono quizów pasujących do podanych kryteriów
Rozkład punktacji
Procent ludzi z każdym wynikiem
Percentyl według liczby udzielonych odpowiedzi
Twoja historia wyników
Nie rozwiązałeś tego quizu